Gaming Quiz

Random Gaming Quiz
Score 0/19 Timer 06:00
0 Plays Today
Number The Name of the Sacrifice Hero % Correct
4.John Marston
68.4%
17.Kratos
63.2%
15.Alan Wake
47.4%
1.The Baby Metroid
47.4%
3.Tidus
47.4%
6.Zero
47.4%
2.The Boss
36.8%
5.Mordin Solus
31.6%
18.Shadow the Hedgehog
26.3%
7.Dominic Santiago
26.3%
Number The Name of the Sacrifice Hero % Correct
8.Booker DeWitt
26.3%
14.Galen Marek
21.1%
13.Bill
21.1%
10.James
21.1%
19.Kenny
15.8%
16.Floyd
15.8%
9.Noble 6
15.8%
11.The Entire Flock
15.8%
12.Tippi & Count Bleak
10.5%

You're not logged in!

Compare scores with friends on all Sporcle quizzes.
OR
Log In

Sporcle TV

Today on Sporcle TV


Watch our educational content, quiz creation guides, and fun videos on Sporcle TV.

Show Comments

Extras

Created Jan 20, 2017ReportNominate
Tags:Hero, Heroic, Honorable, Top 10, video

Top Quizzes Today


Score Distribution

Paid Content

Your Account Isn't Verified!

In order to create a playlist on Sporcle, you need to verify the email address you used during registration. Go to your Sporcle Settings to finish the process.

Report this User

Report this user for behavior that violates our Community Guidelines.

Details: